Welcome to WEB OPAC of MRSPTU Central Library

Schaum's outlines graph theory (Record no. 6217)

MARC details
000 -LEADER
fixed length control field 00439nam a2200169Ia 4500
008 - FIXED-LENGTH DATA ELEMENTS--GENERAL INFORMATION
fixed length control field 230711s9999||||xx |||||||||||||| ||und||
020 ## - INTERNATIONAL STANDARD BOOK NUMBER
International Standard Book Number 978-0-07-058718-2
041 ## - LANGUAGE CODE
Language code of text/sound track or separate title ENG
082 ## - DEWEY DECIMAL CLASSIFICATION NUMBER
Classification number 511.5
Item number BA-G
100 ## - MAIN ENTRY--PERSONAL NAME
Personal name Balakrishnan,V.K
245 #0 - TITLE STATEMENT
Title Schaum's outlines graph theory
250 ## - EDITION STATEMENT
Edition statement 1st Ed.
260 ## - PUBLICATION, DISTRIBUTION, ETC.
Date of publication, distribution, etc. 2016
Place of publication, distribution, etc. New Delhi
Name of publisher, distributor, etc. McGraw Hill Education(India) Private Limited
300 ## - PHYSICAL DESCRIPTION
Extent 293p.
650 ## - SUBJECT ADDED ENTRY--TOPICAL TERM
Topical term or geographic name entry element Mathematics
942 ## - ADDED ENTRY ELEMENTS (KOHA)
Koha item type Book
Holdings
Withdrawn status Lost status Damaged status Not for loan Collection Home library Current library Date acquired Cost, normal purchase price Inventory number Total checkouts Full call number Barcode Date last seen Price effective from Koha item type Date due Date last checked out
          MRSPTU Central Library MRSPTU Central Library   695.00 KBD/2016-2017/959742808   511.5 BA-G 34923 08/17/2023 08/17/2023 Book    
          MRSPTU Central Library MRSPTU Central Library   695.00 KBD/2016-2017/959742808   511.5 BA-G 34924 08/17/2023 08/17/2023 Book    
          MRSPTU Central Library MRSPTU Central Library   695.00 KBD/2016-2017/959742808 2 511.5 BA-G 34925 03/19/2026 08/17/2023 Book 04/09/2026 03/19/2026
          MRSPTU Central Library MRSPTU Central Library   695.00 KBD/2016-2017/959742808   511.5 BA-G 34926 08/17/2023 08/17/2023 Book    
          MRSPTU Central Library MRSPTU Central Library   695.00 KBD/2016-2017/959742808 3 511.5 BA-G 34927 04/07/2026 08/17/2023 Book 04/28/2026 04/07/2026
          MRSPTU Central Library MRSPTU Central Library   695.00 KBD/2016-2017/959742808 3 511.5 BA-G 34928 04/09/2026 08/17/2023 Book 04/30/2026 04/09/2026

Website Designed and Developed by MRSPTU Central Library Team

E-mail Id: librarian@mrsptu.ac.in